| 000 | 01491nam0a22003131 4500 | ||
|---|---|---|---|
| 001 | rc\2191178 | ||
| 005 | 20260419062919.0 | ||
| 035 | _a(NLR Aleph) 006692641 | ||
| 090 |
_a5161620 _c5161620 |
||
| 100 | _a20110829d1978 |||y0rusy50 ca | ||
| 101 | 0 | _arus | |
| 102 | _aRU | ||
| 105 | _aa z ||||| | ||
| 200 | 1 |
_aМетаморфические комплексы фундамента Русской плиты _e[Сб. статей] _fАН СССР, Ин-т геологии и геохронологии докембрия _g[Отв. ред. В.Б. Дагелайский, Л.П. Бондаренко] |
|
| 210 |
_aЛенинград _cНаука. Ленингр. отд-ние _d1978 |
||
| 215 |
_a224 с., 1 л. схем. _cил. _d26 |
||
| 320 | _aСписки лит. в конце статей | ||
| 606 |
_aГорные породы, метаморфические _yРусская платформа _2psbo |
||
| 702 | 1 |
_aДагелайский _bВ.Б. ред _gВладимир Борисович, ред |
|
| 702 | 1 |
_aДагелайский _bВ.Б. _gВладимир Борисович _4340 |
|
| 702 | 1 |
_aБондаренко _bЛ.П. _4340 |
|
| 712 | 0 | 2 |
_aИнститут геологии и геохронологии докембрия _cЛенинград _3RU\NLR\AUTH\8810004292 _9505883 |
| 801 | 0 |
_aRU _bNLR _gpsbo |
|
| 801 | 1 |
_aRU _bELAR _2rusmarc |
|
| 852 |
_aNLR _j78-7/185 |
||
| 899 |
_aRuMoRGB _jБ 78-12/271 |
||
| 899 |
_aRuMoRGB _jБ 78-12/272 |
||
| 942 | _cBOOK | ||
| 980 | _aNB | ||